[Event "Lugano op"]
[Site "Lugano"]
[Date "2004.11.01"]
[Round "6"]
[White "Bernasconi, Fabio"]
[Black "Steffen, Helmut"]
[Result "1-0"]
[WhiteElo "1811"]
[BlackElo "1548"]
[PlyCount "105"]
[EventDate "2004.10.30"]
[EventType "swiss"]
[EventRounds "6"]
[EventCountry "SUI"]
[SourceTitle "EXT 2007"]
[Source "ChessBase"]
[SourceDate "2006.11.23"]
[SourceVersion "1"]
[SourceVersionDate "2006.11.23"]
[SourceQuality "1"]

1. d4 d5 2. c4 e6 3. Nf3 Nf6 4. Bf4 Nc6 5. e3 h6 6. a3 Bd6 7. Bg3 Bxg3 8. hxg3 b6 9. Nc3 Bb7 10. Qc2 Ng4 11. cxd5 exd5 12. Be2 Qd7 13. Bb5 0-0-0 14. Bd3 g6 15. 0-0-0 Kb8 16. Rd2 f5 17. Nh4 Ne7 18. Nxg6 Rhe8 19. Nxe7 Qxe7 20. Bxf5 Nf6 21. Rxh6 Ne4 22. Rh7 Qd6 23. Nxe4 dxe4 24. Rd1 Re7 25. Rdh1 Rde8 26. Rxe7 Qxe7 27. Rh7 Qd6 28. Qc4 Bd5 29. Qc2 Kb7 30. Qa4 Bc6 31. Qb4 Qd5 32. g4 a5 33. Qc3 Qb5 34. Rh1 Qe2 35. Qc2 Qb5 36. Kb1 Bd5 37. Rc1 Re7 38. Bg6 c6 39. Bf5 Rf7 40. Rh1 Ka6 41. f4 exf3 42. Bd3 fxg2 43. Bxb5+ cxb5 44. Rg1 Rf1+ 45. Qc1 Be4+ 46. Ka1 Rxc1+ 47. Rxc1 b4 48. axb4 axb4 49. b3 b5 50. Rg1 Kb6 51. g5 Kc6 52. g6 Bd5 53. g7 1-0